01722nam a2200361 i 4500003000900000005001700009007000300026008004100029020001800070040003000088041000800118082001900126100004800145245021700193246002700410246003000437246010000467250002200567264005800589300002800647336002700675337003400702338002800736500007600764590002700840700005900867910000700926942001400933952012800947952013401075952013401209999001701343DO-SdBNP20260212140720.0ta251208b2025 dr ||||| |||| 00| 0 spa d a9789945645910 aDO-SdBNPbspacBNPHUerda aspa 4axxxbD718a222 aDorsonne, Rolandd1977-eautor4aut.98875810aAmour, plante médicinal = amor, planta medicinal Les pensées les plus pénétrantes de i'amour = los pensamientos del amor más penetrantes /cRoland Dorsonne ; corrección de Felix Antonio Muñoz Veras. aAmor, planta medicinal aAmour, plante médicinal aLes pensées les plus pénétrantes de i'amour = los pensamientos del amor más penetrantes aPrimera edición 4aSanto Domingo :bEditorial Amigo del Hogar, c©2025. a51 páginas ;c23 cm.  atextobtxt2rdacontent asin mediación bn2rdamedia avolumenbnc2rdacarrier aIncluye datos biográficos del autor en la solapa de la contracubierta aInventariado, 2025 /LP1 aMuñoz Veras, Felix Antonio,ecorrector4corr.989008 aLP 2ddccLBS1 00102ddc51708PDaBNPHUbBNPHUcCTd2025-06-30eDepósito Legall0oxxx D718ap2025-13681r2025-12-08w2025-12-08yLBS1 00102ddc51708PDaBNPHUbBNPHUcCTd2025-06-30eDepósito Legall0oxxx D718ap2025-13682r2025-12-08te. 2w2025-12-08yLBS1 00102ddc56708DSaBNPHUbBNPHUcCTd2025-06-30eDepósito Legall0oxxx D718ap2025-13683r2025-12-08te. 3w2025-12-08yLBS1 c60093d60093